000 00322nam a2200133Ia 4500
008 150201s1990 xx 000 0 und d
082 _a621.3813
_bLIO
100 _aLiao,Samuel Y
245 _aMicrowave devices and circuits
250 _a3rd Ed.
260 _bPearson
_aN.Delhi
_c1990
300 _a542p.
942 _2ddc
_cBK
999 _c5033
_d5033